Sports Quiz

Random Sports or MLB Quiz

2010 MLB all-star starters Quiz Stats

 Plays Quiz not verified by Sporcle

Challenge
Share
Tweet
Embed
Score 0/16 Timer 05:00
0 Plays Today
% Correct
Joe Mauer
100%
Robinson Cano
98.5%
Derek Jeter
98.5%
Evan Longoria
97.1%
Ichiro Suzuki
97.1%
Albert Pujols
97.1%
Chase Utley
95.6%
Hanley Ramirez
95.6%
% Correct
Carl Crawford
94.1%
Yadier Molina
94.1%
David Wright
94.1%
Josh Hamilton
92.6%
Justin Morneau
91.2%
Ryan Braun
85.3%
Jason Heyward
80.9%
Andre Eitheir
10.3%

You're not logged in!

Compare scores with friends on all Sporcle quizzes.
OR
Log In

You Might Also Like...

Show Comments

Extras

Top Quizzes Today


Score Distribution

Your Account Isn't Verified!

In order to create a playlist on Sporcle, you need to verify the email address you used during registration. Go to your Sporcle Settings to finish the process.

Report this User

Report this user for behavior that violates our Community Guidelines.

Details: